Behind the curtain : (Record no. 28972)

MARC details
000 -LEADER
fixed length control field 02424nam a2200385 a 4500
005 - DATE AND TIME OF LATEST TRANSACTION
control field 20090806142124.0
008 - FIXED-LENGTH DATA ELEMENTS--GENERAL INFORMATION
fixed length control field 080214s2008 nyua b 001 0 eng
010 ## - LCCN (DPL NO)
LC control number ENG-94652
020 ## - INTERNATIONAL STANDARD BOOK NUMBER
International Standard Book Number 9780198060475
Terms of availability 695.00
020 ## - INTERNATIONAL STANDARD BOOK NUMBER
International Standard Book Number 0198060475
Terms of availability 695.00
035 ## - SYSTEM CONTROL NUMBER
System control number EN-78185
035 ## - SYSTEM CONTROL NUMBER
System control number B-361776-780
037 ## - SOURCE OF ACQUISITION
Source of stock number/acquisition DBAD / PUB
037 ## - SOURCE OF ACQUISITION
Source of stock number/acquisition Uppal Book Store
040 ## - CATALOGING SOURCE
Original cataloging agency dpl
Language of cataloging English
082 ## - DEWEY DECIMAL CLASSIFICATION NUMBER
Classification number 781.542095441
100 ## - MAIN ENTRY--PERSONAL NAME
Personal name Booth, Gregory D.
245 ## - TITLE STATEMENT
Title Behind the curtain :
Remainder of title making music in Mumbai's film studios /
Statement of responsibility, etc by Gregory D. Booth
260 ## - PUBLICATION, DISTRIBUTION, ETC. (IMPRINT)
Place of publication, distribution, etc New Delhi
Name of publisher, distributor, etc Oxford University Press
Date of publication, distribution, etc 2008
270 ## - ADDRESS
Address YMCA Library Building, Jai Singh Road,
City New Delhi
Postal code 110001
300 ## - PHYSICAL DESCRIPTION
Extent viii, 321 p. :
Other physical details ill. ;
Dimensions 24cm(Hb)
500 ## - GENERAL NOTE
General note Includes bibliographical references and index
650 ## - SUBJECT ADDED ENTRY--TOPICAL TERM
Topical term or geographic name as entry element Motion picture music
General subdivision Production and direction
Geographic subdivision India
-- Bombay
General subdivision History.
650 ## - SUBJECT ADDED ENTRY--TOPICAL TERM
Topical term or geographic name as entry element Motion picture music
Geographic subdivision India
-- Bombay
General subdivision History and criticism.
650 ## - SUBJECT ADDED ENTRY--TOPICAL TERM
Topical term or geographic name as entry element Motion picture industry
Geographic subdivision India
-- Bombay
General subdivision History.
906 ## - LOCAL DATA ELEMENT F, LDF (RLIN)
a 7
942 ## - ADDED ENTRY ELEMENTS (KOHA)
Source of classification or shelving scheme Dewey Decimal Classification
Item type English Books
Classification part 781.542095441
Call number suffix BOO
Holdings
Withdrawn status Lost status Source of classification or shelving scheme Damaged status Not for loan Collection code Home library Current library Date acquired Source of acquisition Cost, normal purchase price Total Checkouts Full call number Barcode Date last seen Copy number Cost, replacement price Koha item type Total Renewals
    Dewey Decimal Classification     Non-fiction Central Library Central Library 08/04/2010 Uppal Book Store/UBS 9017/30.10.09/128/16.10.09/30.10.09 695.00 1 781.542095441 BOO B-361776 28/01/2019 1 695.00 English Books 1
    Dewey Decimal Classification   Not For Loan Non-fiction D.B.Act.Division D.B.Act.Division 06/08/2009 DBAD / PUB 695.00   781.542095441 BOO EN-78185 06/08/2009 1 695.00 English Books  
    Dewey Decimal Classification     Non-fiction Karol Bagh Karol Bagh 08/04/2010 Uppal Book Store/UBS 9017/30.10.09/128/16.10.09/30.10.09 695.00   781.542095441 BOO B-361779 08/04/2010 1 695.00 English Books  
    Dewey Decimal Classification     Non-fiction Patel Nagar Patel Nagar 08/04/2010 Uppal Book Store/UBS 9017/30.10.09/128/16.10.09/30.10.09 695.00 1 781.542095441 BOO B-361777 15/12/2021 1 695.00 English Books 2
    Dewey Decimal Classification     Non-fiction Sarojini Nagar Sarojini Nagar 08/04/2010 Uppal Book Store/UBS 9017/30.10.09/128/16.10.09/30.10.09 695.00 1 781.542095441 BOO B-361778 02/09/2018 1 695.00 English Books  
    Dewey Decimal Classification     Non-fiction Shahdara Branch Shahdara Branch 08/04/2010 Uppal Book Store/UBS 9017/30.10.09/128/16.10.09/30.10.09 695.00 1 781.542095441 BOO B-361780 15/03/2025 1 695.00 English Books  

© Delhi Public Library
Hit Counter
free hit counter